000 00574nam a2200169Ia 4500
008 230717s9999||||xx |||||||||||||| ||und||
020 _a978-979-796-043-8
040 _aID-SmMUS
084 _a128-0203 SAI Gov Bo.1
100 _aM. Mas'ud Said
245 0 _aBirokrasi di Negara Birokratis: Makna, Masalah dan Dekonstruksi Birokrasi Indonesia
250 _aKe-3
260 _aMalang
_bUniversitas Muhammadiyah Malang
_c2012
300 _ai-xiv + 383 hlm
650 _aGovernment, Pemerintahan
_eG-O-V
_vMakna, Masalah dan Dekonstruksi Birokrasi Indonesia
942 _cBK
_01
999 _c23029
_d23020